01321nam a22002415i 4500001000700000003000900007005001700016008004100033040003000074110005800104245035300162250007500515260006300590300004400653597001900697597002700716599006100743610007200804752002400876852003600900999001900936952012400955166790ES-MaACL20230906213413.0991213s1819 sp af |||| | spa d aCCPB | B bspa cCCPB | B2 aUniversidad y Casa de Contratación (Bilbao)913501510aOrdenanzas de la Ilustre Universidad y Casa de Contratacion de ... Bilbaob: aprobadas y confirmadas por ... Felipe V en 2 de diciembre de 1737, y D. Fernando VII en 27 de junio de 1814 : con insercion de los reales privilegio, y la provision de 9 de julio de 1818 que contiene las alteraciones hechas a solicitud del mismo consulado y comercio ... aReimp. ... bá costa de la misma Universidad y Casa de Contratacion. aMadrid : b[s.n.], c1819 (fImprenta de Miguel de Burgos) a[4], 395 p., [1] h. de grab. ; c30 cm. 1aSignaturizado. aApostillas marginales. 1aLa h. de grab. es un grab. calc. del esc. de la entidad.24aUniversidad y Casa de Contratación (Bilbao)-vOrdenanzas.9135016 aEspaña - dMadrid aES-MaACLjB-9457 z-- Enc. hol. c166790d166790 001040708LIBXIXaATENEOMbATENEOMcSPBd2008-01-17eSSCl0oB-9457p1174941r2023-02-23 00:00:00w2023-02-23yMONANT